000 00414nam a2200181Ia 4500
001 24096
005 20260414151020.0
008 260414t1999||||xx |||||||||||||| ||spa||
041 _aESP
082 _a780.77
_bL93
100 _aLovón Caparó, Jorge
_eAUT
245 0 _aMúsica viva
_b
260 _c1999
300 _a110 páginas :
_c28 cm.
650 _aABD
654 _aCAU
942 _cLIB
_dJUS
_fJUS
_2ddc
_n
999 _c24096
_d24096